Sejarah SPM 4.5 xpress pro

Bibliographic Details
Main Author: Yew Chee Wai (Author)
Format: Book
Published: Petaling Jaya, Selangor Sasbadi Sdn.Bhd
Subjects:
LEADER 00742cam a2200217 i 4500
001 0000150537
005 20251210090000.0
008 251112t2010 my a e may
020 |a 9789835946776  |q paperback  |c RM12.90 
040 |a RMC  |b eng  |c RMC  |e rda 
090 0 0 |a 959.500  |b YEW 
100 0 |a Yew Chee Wai  |e author. 
245 1 0 |a Sejarah SPM 4.5  |b xpress pro  |c Yew Chee Wai 
264 1 |a Petaling Jaya, Selangor  |b Sasbadi Sdn.Bhd 
300 |a xvii, 476pages  |b colour illustrations photographs  |c 19 cm 
336 |a text  |2 rdacontent 
337 |a unmediated  |2 rdamedia 
338 |a volume  |2 rdacarrier 
650 1 0 |a Sejarah Melayu. 
852 1 |a RMC 
999 |a 0000034013  |b Royal Military College  |d BOOKS  |e Umum  |f Royal Military College  |j AVAILABLE  |q GOOD CONDITION